• 首页
  • 本馆介绍
  • 公告通知
  • 最新文献
  • 馆藏检索
  • 电子资源
  • 读者导购
  • 参考咨询
  • 我的图书馆
  • 登录
  • 详细信息显示
  • 放入我的书架
  • 预约/预借图书
  • 作者相关作品
  • 分类相关作品
  • 丛书相关作品
  • 出版社相关作品

书目信息

  • 表格格式
  • 工作单格式
  • 卡片格式
题名:
中子辐射的防护
    
 
作者: 冷瑞平 译
分册:  
出版信息: 北京   原子能出版社  1981.12
页数: 161页
开本: 19cm
丛书名:
单 册:
中图分类: TL7
科图分类:
主题词: 核技术--辐射防护 , 核工程--辐射防护 , 原子能--辐射防护
电子资源:
ISBN:
000 00580nam0 2200217 45
001 0181013450
005 20060313142259.21
010    @dCNY0.67
100    @a20810111d km y0chiy0120 ea
101 0  @achi
200 1  @a中子辐射的防护@Azhong zi fu she de fang hu@f冷瑞平等译@Fleng rui ping
210    @a北京@c原子能出版社@d1981.12
215    @a161页@d19cm
300    @aNCRP38号报告
606 0  @a核技术@x辐射防护
606 0  @a核工程@x辐射防护
606 0  @a原子能@x辐射防护
690    @aTL7
701 0  @a冷瑞平@4译
801    @aCN@bTSTC@c20060313
905    @dTL7@e3@f5@b68871-75
    
    中子辐射的防护/冷瑞平等译.-北京:原子能出版社,1981.12
    161页;19cm
    NCRP38号报告
    
    ISBN :CNY0.67
    
●
相关链接 在E读中查询图书 在五车中查询图书 在当当中查询图书 在豆瓣中查询图书


正题名:中子辐射的防护     索取号:TL7/3         预约/预借

序号 登录号 条形码 馆藏地/架位号 状态 备注
1 0068871   202204532   密集书库/ [索取号:TL7/3] 在馆    
2 0068872   202204578   密集书库/ [索取号:TL7/3] 在馆    
3 0068873   202204612   密集书库/ [索取号:TL7/3] 在馆    
4 0068874   202204658   密集书库/ [索取号:TL7/3] 在馆    
5 0068875   202184260   密集书库/ [索取号:TL7/3] 在馆    
唐山师范学院图书馆 欢迎您!
大连网信软件有限公司© 版权所有